00915 2200325 4500001002100000005001500021035002000036007000300056040001600059100002900075245008300104250001200187300004000199020002200239041000800261082000800269084001400277090002000291264003400311336002100345337003000366338002300396500002300419650001200442700004200454850001000496008004100506990002100547990002100568INLIS00000000000740220260602031817 a0010-0822000376ta aSBUPADbind0 aKaren KinghamePengarang1 aKolesterol Tinggi :bKumpulan Resep dan Tips Rendah Kolestrol /cKaren Kingham a.-cet.1 avi + 78 Hlm :bilus ;c16 x 19,5 cm a978-979-075-723-307aind a640 a640 KAR k a640 KAR k L20-6 a.--Jakarta :bErlangga,c2009 2rdacontentateks 2rdamediaatanpa perantara 2rdacarrieravolume aIndeks, hlm188-192 4aKuliner0 aEditor, Prinandita AndhikaePengarang aPUPAD260602 0  a772/Br/KAPD/2011 a771/Br/KAPD/2011